Vtáčatko Koráločka autorské rozprávky na motívy rómskych pesničiek

Bibliographic Details
Main Author: Hivešová-Šilanová, Daniela, 1952-2008 (Author, Translator)
Other Authors: Zacharová, Dana, 1947- (Illustrator)
Format: Book
Language:Slovak
Romani
PhysicalDescription:166 s. fareb. ilustr., noty 27 cm
Published: Bratislava Goldpress Publishers 1996
ISBN:8085584247
Subjects:

MARC

LEADER 00000cam a2200000 a 4500
001 vtls001217569
003 SK-MaSNL
005 20260301234017.0
008 240620s1996 xo ag b 000 m slo
015 |a SNBA1996/0702062 
020 |a 8085584247 
035 |a SNK000160745 
035 |a urn:nbn:sk:snk-amljhs 
035 |a urn:nbn:sk:snk-am00bp72 
035 |a 55B91643-009B-40EE-9A10-EF8B0A0C87D8 
040 |a SNK  |b slo  |c SNK  |e AACR2 
041 1 |a slo  |h rom  |h slo 
044 |a xo  |c SK 
072 7 |a 821.162.4-3  |x Slovenská próza  |2 konspekt 
072 7 |a 821-93  |x Literatúra pre deti a mládež (beletria)  |2 konspekt 
080 |a 885.4-3(087.5)  |2 1981 
080 |a 821.162.4-34  |2 2011 
080 |a 82-34:808.1  |2 2011 
080 |a 784.3/.7(=214.58)  |2 2011 
080 |a 82-93-053.4/.5  |2 2011 
100 1 |a Hivešová-Šilanová, Daniela,  |d 1952-2008  |4 aut  |4 trl  |9 106474 
245 1 0 |a Vtáčatko Koráločka  |b autorské rozprávky na motívy rómskych pesničiek  |c Daniela Hivešová-Šilanová ; ilustrovala Daniela Zacharová 
246 1 0 |a Čirikloro minikloro 
260 |a Bratislava  |b Goldpress Publishers  |c 1996 
300 |a 166 s.  |b fareb. ilustr., noty  |c 27 cm 
500 |a Súbež. názov a texty piesní v rómčine. Rozlož. ilustr. tit. strana 
655 7 |a rómske piesne  |2 SNKPH  |9 555446 
655 7 |a Slovak fairy tales  |2 SNKPHeng  |9 292250 
655 7 |a Author fairy tales  |2 SNKPHeng  |9 283778 
655 7 |a Romani songs  |2 SNKPHeng  |9 596112 
655 7 |a slovenské rozprávky  |2 SNKPH  |9 70528 
655 7 |a autorské rozprávky  |2 SNKPH  |9 70727 
655 7 |a literatúra pre deti  |2 SNKPH  |9 87135 
655 7 |a Children's literature  |2 SNKPHeng  |9 276039 
700 1 |a Zacharová, Dana,  |d 1947-  |4 ill  |9 136732 
852 |a Slovenská národná knižnica 
919 |a 80-85584-24-7 
954 |a beletria pôvodná (slovenská)  |2 lita 
958 |a TL 
958 |a LX 
958 |a DB 
958 |a UP 
999 |c 968596  |d 970526 
952 |t P60, <03>, [BOOK], {603}  |a SNK  |b SNK  |y PREZ  |7 0  |p 17A0004996  |o snkSB 55495  |i snkKSP 4681/96  |0 0  |1 0  |4 0  |d 1996-05-23  |f 1  |l 0  |r 2025-03-28 00:00:00  |w 2026-02-24 
952 |t P60, <09>, [BOOK], {629}  |a SNK  |b SNK  |y NEVYP  |7 0  |o snkB 533  |i snk1911/960527  |0 0  |1 0  |4 0  |d 1996-05-23  |l 0  |r 2005-01-01 00:00:00  |w 2026-02-24 
952 |t P60, <04>, [BOOK], {604}  |a SNK  |b SNK  |y VYP  |7 0  |p 17A0004995  |o snkSB 55495 D1  |i snkKSP 4682/96  |0 0  |1 0  |4 0  |d 1996-05-23  |l 0  |r 2005-01-01 00:00:00  |w 2026-02-24